Šírava už nechce zažiť minuloročné leto

Bibliographic Details
Format: Article
Language:Slovak
PhysicalDescription:Fotogr.
ISSN:1335-4051
Subjects:

MARC

LEADER 00000nab a2200000 a 4500
001 vtls008182224
003 SK-MaSNL
005 20260305030735.0
008 050701c20050629xo ur| 0 0slo
015 |a SNBRB2005/06 
040 |a RVGKPD  |b slo  |c RVGKPD  |e AACR2 
041 0 |a slo 
044 |a xo  |c SK 
080 |a 338.48  |2 UDC-MRF-SK2 
245 0 0 |a Šírava už nechce zažiť minuloročné leto  |c [autor] (mj) 
300 |b Fotogr. 
650 0 7 |a cestovný ruch  |2 rvgkpd  |9 999 
651 7 |a Zemplínska šírava (Slovensko : rekreačná oblasť)  |2 SNKPH  |2 rvgkpd  |9 113109 
651 7 |a Michalovce (Slovensko : okres)  |2 rvgkpd  |9 19216 
773 0 |t Pravda  |g Roč. XV, č. 150 (29.6.2005), s. 4  |x 1335-4051 
852 |a RVGKPD  |b KIS3GCP 
992 |a RBX 
999 |c 3313166  |d 3315096